Word Scramble Geography by Letter - L - Statistics

General Stats
  • This quiz has been taken 385 times
  • The average score is 8 of 10
Answer Stats
Answer % Correct
Laos
100%
Lyon
100%
Lake
97%
London
97%
Lagos
96%
Lima
96%
Luxembourg
96%
La Paz
95%
Lebanon
93%
Libya
92%
Lome
92%
Lira
91%
Lesotho
88%
Luzon
88%
Lapland
86%
Latvia
86%
Lisbon
83%
Liechtenstein
82%
Latin
81%
Lincoln
81%
Lithuania
79%
Liberia
76%
Luanda
76%
Leeds
74%
Liverpool
74%
Louisiana
74%
Ljubljana
69%
Lucknow
68%
Lusaka
68%
Lahore
63%
Libreville
61%
Los Angeles
59%
Las Vegas
53%
Lilongwe
45%
Little Rock
25%
No matching quizzes found
Score Distribution
Percent of People with Each Score
Percentile by Number Answered
Your Score History
You have not taken this quiz